[Event "Landesklasse West 2016/2017"]
[Site "?"]
[Date "2017.01.08"]
[Round "4"]
[White "Ulbricht, Olaf"]
[Black "Pastowski, Andre"]
[Result "1/2-1/2"]
[WhiteElo "1541"]
[BlackElo "1621"]
[PlyCount "21"]
[EventDate "2017.??.??"]
[WhiteTeam "SV Wartburgstadt Eisenach"]
[BlackTeam "SV Schmalkalden 04"]

1. e4 e5 2. f4 d6 3. Nf3 Nc6 4. f5 g6 5. fxg6 hxg6 6. Nc3 Bh6 7. Nd5 Bg4 8. c3
a6 9. h3 Be6 10. d4 Bxc1 11. Rxc1 1/2-1/2

[Event "Landesklasse West 2016/2017"]
[Site "?"]
[Date "2017.01.08"]
[Round "4"]
[White "Pastowski, Werner"]
[Black "Mekus, Stephanie"]
[Result "1/2-1/2"]
[WhiteElo "1440"]
[BlackElo "1570"]
[PlyCount "58"]
[EventDate "2017.??.??"]
[WhiteTeam "SV Schmalkalden 04"]
[BlackTeam "SV Wartburgstadt Eisenach"]

1. d4 d5 2. c4 e6 3. e3 Bb4+ 4. Bd2 Bxd2+ 5. Nxd2 Nf6 6. Bd3 O-O 7. Ngf3 dxc4
8. Bxc4 a6 9. O-O b5 10. Be2 Bb7 11. Rc1 Nc6 12. a3 Re8 13. Nb3 Ne7 14. Nc5 Bd5
15. Bd3 Bxf3 16. Qxf3 Qd5 17. Qxd5 Nfxd5 18. Be4 c6 19. h3 h6 20. Rfd1 f5 21.
Bf3 Kf7 22. Nd7 Rac8 23. Ne5+ Kf6 24. g4 fxg4 25. hxg4 g6 26. Nd7+ Kf7 27. Ne5+
Kf6 28. Nd7+ Kf7 29. Ne5+ Kf6 1/2-1/2

[Event "Landesklasse West 2016/2017"]
[Site "?"]
[Date "2017.01.08"]
[Round "4"]
[White "Essegern, Kurt"]
[Black "Schlick, Stefan"]
[Result "1/2-1/2"]
[WhiteElo "1961"]
[BlackElo "1911"]
[PlyCount "46"]
[EventDate "2017.??.??"]
[WhiteTeam "Randspringer Bad Salzungen"]
[BlackTeam "Schachclub 1998 Gotha"]

1. e4 e5 2. Nf3 Nc6 3. Bc4 Bc5 4. c3 Nf6 5. d4 exd4 6. cxd4 Bb4+ 7. Nc3 Nxe4 8.
O-O Bxc3 9. d5 Ne5 10. bxc3 Nxc4 11. Qd4 O-O 12. Qxc4 Nd6 13. Qf4 Re8 14. Ba3
Re4 15. Qd2 b6 16. Qd3 Qe7 17. Bxd6 cxd6 18. Ng5 Rh4 19. Rfe1 Qf8 20. Re3 f6
21. Nf3 Ra4 22. Nd4 Ba6 23. Qc2 Ra5 1/2-1/2

[Event "Landesklasse West 2016/2017"]
[Site "?"]
[Date "2017.01.08"]
[Round "4"]
[White "Lutzkat, Ulrich"]
[Black "Hübschmann, Holger"]
[Result "1/2-1/2"]
[WhiteElo "1933"]
[BlackElo "1875"]
[PlyCount "72"]
[EventDate "2017.??.??"]
[WhiteTeam "Schachclub 1998 Gotha"]
[BlackTeam "Randspringer Bad Salzungen"]

1. e4 e6 2. d3 c5 3. g3 Nc6 4. Bg2 d5 5. Nd2 Nf6 6. Ngf3 Be7 7. O-O Qc7 8. Re1
dxe4 9. dxe4 e5 10. c3 O-O 11. Qc2 b5 12. Nf1 h6 13. Ne3 Be6 14. Nf5 Rad8 15.
Nxe7+ Qxe7 16. Nh4 Bc4 17. Nf5 Qc7 18. Bf1 Bxf1 19. Kxf1 c4 20. a4 b4 21. Bd2
Rd3 22. Qc1 Ne7 23. Nxe7+ Qxe7 24. cxb4 Qd7 25. Re2 Rd8 26. Be1 Qh3+ 27. Kg1
Rf3 28. Re3 Rxe3 29. Qxe3 Ng4 30. Qf3 Qxh2+ 31. Kf1 Qh5 32. Qg2 Nh2+ 33. Kg1
Nf3+ 34. Kf1 Nh2+ 35. Kg1 Nf3+ 36. Kf1 Nh2+ 1/2-1/2

[Event "Landesklasse West 2016/2017"]
[Site "?"]
[Date "2017.01.08"]
[Round "4"]
[White "Essegern, Uwe"]
[Black "Manger, Hans-Gerald"]
[Result "1/2-1/2"]
[WhiteElo "1871"]
[BlackElo "1838"]
[PlyCount "56"]
[EventDate "2017.??.??"]
[WhiteTeam "Randspringer Bad Salzungen"]
[BlackTeam "Schachclub 1998 Gotha"]

1. e4 c5 2. Nf3 e6 3. d4 cxd4 4. Nxd4 a6 5. c4 Nf6 6. Nc3 Qc7 7. Be2 Nc6 8. O-O
Nxd4 9. Qxd4 Bc5 10. Qd3 O-O 11. a3 Be7 12. Be3 d6 13. Rac1 Bd7 14. Rfd1 Rfd8
15. f3 Be8 16. Bf1 Nd7 17. Qe2 Bf6 18. Qf2 Be7 19. f4 Qc6 20. b4 Nf6 21. b5
axb5 22. cxb5 Qd7 23. Bb6 Rdc8 24. e5 Rxc3 25. Rxc3 Ne4 26. Qc2 Nxc3 27. Qxc3
d5 28. Ra1 Ra4 1/2-1/2

[Event "Landesklasse West 2016/2017"]
[Site "?"]
[Date "2017.01.08"]
[Round "4"]
[White "Kuznecovs, Nikita"]
[Black "Schulz, Tilo"]
[Result "1-0"]
[WhiteElo "2015"]
[BlackElo "1868"]
[PlyCount "69"]
[EventDate "2017.??.??"]
[WhiteTeam "Schachclub 1998 Gotha"]
[BlackTeam "Randspringer Bad Salzungen"]

1. Nf3 g6 2. e4 Bg7 3. g3 c5 4. Bg2 Nc6 5. O-O e6 6. c3 Nge7 7. d4 cxd4 8. cxd4
d5 9. e5 O-O 10. Nc3 Bd7 11. h4 Nf5 12. Bh3 f6 13. Bxf5 gxf5 14. exf6 Bxf6 15.
Bg5 Bxg5 16. Nxg5 Qf6 17. Ne2 Rae8 18. Nf3 Re7 19. Nf4 Rd8 20. Re1 Be8 21. Ne5
Rc8 22. Rc1 Rec7 23. Nxc6 Rxc6 24. Rxc6 Rxc6 25. Nxd5 Qd8 26. Nf4 Bf7 27. Re3
Qc8 28. Nd3 Rc4 29. Ne1 Qd7 30. Rd3 Qc6 31. Qd2 Qe4 32. Kh2 f4 33. Ng2 fxg3+
34. Rxg3+ Kh8 35. Qh6 1-0

[Event "Landesklasse West 2016/2017"]
[Site "?"]
[Date "2017.01.08"]
[Round "4"]
[White "Feldmann, Bernd"]
[Black "Bauer, Wilfried"]
[Result "1-0"]
[WhiteElo "1816"]
[BlackElo "1644"]
[PlyCount "59"]
[EventDate "2017.??.??"]
[WhiteTeam "Randspringer Bad Salzungen"]
[BlackTeam "Schachclub 1998 Gotha"]

1. d4 g6 2. c4 Bg7 3. Nc3 d6 4. e4 c5 5. d5 e6 6. Be2 e5 7. Bd3 Ne7 8. Nge2 f5
9. f3 O-O 10. Bg5 Bf6 11. Bxf6 Rxf6 12. exf5 gxf5 13. Qd2 Nd7 14. O-O-O Kh8 15.
h3 e4 16. fxe4 Ne5 17. Rhf1 Nxd3+ 18. Qxd3 fxe4 19. Nxe4 Rg6 20. Nf4 Nf5 21.
Nxg6+ hxg6 22. Qc3+ Kh7 23. g4 Nd4 24. Rxd4 cxd4 25. Qxd4 Qe7 26. Rf7+ Qxf7 27.
Ng5+ Kg8 28. Nxf7 Kxf7 29. Qf4+ Ke7 30. Qg5+ 1-0

[Event "Landesklasse West 2016/2017"]
[Site "?"]
[Date "2017.01.08"]
[Round "4"]
[White "Rätsch, Heinz"]
[Black "Roth, Ralf"]
[Result "1/2-1/2"]
[WhiteElo "2000"]
[BlackElo "1834"]
[PlyCount "78"]
[EventDate "2017.??.??"]
[WhiteTeam "Schachclub 1998 Gotha"]
[BlackTeam "Randspringer Bad Salzungen"]

1. Nc3 g6 2. e4 Bg7 3. Nf3 d6 4. Bc4 Nf6 5. O-O O-O 6. Qe2 Nc6 7. h3 e5 8. a3
Be6 9. d3 Bxc4 10. dxc4 Nd4 11. Qd3 Nd7 12. b4 a5 13. Rb1 axb4 14. axb4 c6 15.
Ne2 Nxe2+ 16. Qxe2 Qc7 17. Rd1 Rfd8 18. Bg5 f6 19. Be3 Nf8 20. Rd3 Ne6 21. Rbd1
Bf8 22. Nh2 f5 23. f3 f4 24. Bf2 Kg7 25. Nf1 Ra2 26. Qd2 Be7 27. Qc3 c5 28.
bxc5 Nxc5 29. Rd5 Ne6 30. Qb3 Rda8 31. c5 Bf6 32. Rxd6 Nxc5 33. Qb5 R8a5 34.
Qe8 Rxc2 35. Rd7+ Nxd7 36. Rxd7+ Qxd7 37. Qxd7+ Kh6 38. Qxb7 Raa2 39. Qb6 Rxf2
1/2-1/2

[Event "Landesklasse West 2016/2017"]
[Site "?"]
[Date "2017.01.08"]
[Round "4"]
[White "Kunze, Heinz"]
[Black "Rockstuhl, Reiner"]
[Result "1/2-1/2"]
[WhiteElo "1649"]
[BlackElo "1770"]
[PlyCount "68"]
[EventDate "2017.??.??"]
[WhiteTeam "Randspringer Bad Salzungen"]
[BlackTeam "Schachclub 1998 Gotha"]

1. e4 e6 2. d4 d5 3. Nd2 Nf6 4. e5 Nfd7 5. Nb3 c5 6. c3 Nc6 7. Be3 c4 8. Nd2 f6
9. exf6 Nxf6 10. Ngf3 Bd6 11. b3 cxb3 12. axb3 O-O 13. Bd3 e5 14. dxe5 Nxe5 15.
Be2 a6 16. O-O Bf5 17. Bd4 Nc6 18. Re1 Nxd4 19. Nxd4 Bd7 20. Bf3 Qc7 21. c4 Be5
22. Nf1 dxc4 23. Rc1 c3 24. Bxb7 Rab8 25. Bxa6 Ng4 26. Nf3 Bf6 27. Bc4+ Kh8 28.
h3 Nh6 29. Ne3 Bc6 30. Nd5 Bxd5 31. Qxd5 Rbd8 32. Qe4 Nf7 33. Bd3 g6 34. Bc2
Nd6 1/2-1/2

[Event "Landesklasse West 2016/2017"]
[Site "?"]
[Date "2017.01.08"]
[Round "4"]
[White "Funke, Johannes"]
[Black "Wiefel, Erik"]
[Result "1/2-1/2"]
[WhiteElo "1648"]
[BlackElo "1695"]
[PlyCount "104"]
[EventDate "2017.??.??"]
[WhiteTeam "Schachclub 1998 Gotha"]
[BlackTeam "Randspringer Bad Salzungen"]

1. d4 d5 2. c4 c6 3. Nc3 Nf6 4. Nf3 dxc4 5. a4 Bf5 6. e3 e6 7. Bxc4 Bb4 8. O-O
O-O 9. Bd2 Bxc3 10. Bxc3 Nd5 11. Qb3 Nb6 12. Bb4 Re8 13. Be2 N8d7 14. Ne5 f6
15. Nd3 Nd5 16. Bd2 Qb6 17. Ra3 Qxb3 18. Rxb3 b6 19. Rc1 Rac8 20. a5 b5 21. Nc5
Nxc5 22. Rxc5 e5 23. dxe5 Rxe5 24. Bf3 Ne7 25. Rbc3 Rxc5 26. Rxc5 Bd7 27. Bb4
Kf7 28. Rh5 h6 29. g3 a6 30. Kg2 Be6 31. Rc5 Nd5 32. Be1 g6 33. e4 Ne7 34. Rc2
Ke8 35. b4 Bc4 36. Bd2 g5 37. Be3 Be6 38. Rd2 g4 39. Bd1 h5 40. Rd6 Kf7 41. Kf1
Rc7 42. Bb6 Rd7 43. Rxd7 Bxd7 44. f4 Be6 45. Ke1 f5 46. Bc2 fxe4 47. Bxe4 Bd5
48. Bxd5+ cxd5 49. Kd2 Ke6 50. Kd3 Nf5 51. Ba7 Kd7 52. Bg1 Kc6 1/2-1/2

[Event "Thüringenliga 2016/2017"]
[Site "?"]
[Date "2017.01.08"]
[Round "4"]
[White "Philipp, Mathias"]
[Black "Pähtz, Thomas"]
[Result "0-1"]
[WhiteElo "1896"]
[BlackElo "2321"]
[PlyCount "50"]
[EventDate "2017.??.??"]
[WhiteTeam "SSV Vimaria 91 Weimar"]
[BlackTeam "Ilmenauer SV"]

1. e4 c5 2. Nf3 Nf6 3. e5 Nd5 4. d4 cxd4 5. c3 e6 6. cxd4 d6 7. Nc3 Nxc3 8.
bxc3 Nc6 9. Bf4 dxe5 10. Nxe5 Bd6 11. Qf3 Bxe5 12. dxe5 Qa5 13. Qe3 Ne7 14. Qd4
O-O 15. Qb4 Qc7 16. Bc4 b5 17. Bb3 a5 18. Qd4 Nf5 19. Qd3 Ba6 20. Qh3 b4 21.
cxb4 Rfd8 22. Rc1 Qb7 23. b5 Qe4+ 24. Be3 Bxb5 25. a3 Nxe3 0-1

[Event "Thüringenliga 2016/2017"]
[Site "?"]
[Date "2017.01.08"]
[Round "4"]
[White "Zehnter, Sebastian"]
[Black "Philipp, Michael"]
[Result "1-0"]
[WhiteElo "2189"]
[BlackElo "2043"]
[PlyCount "137"]
[EventDate "2017.??.??"]
[WhiteTeam "Ilmenauer SV"]
[BlackTeam "SSV Vimaria 91 Weimar"]

1. e4 c5 2. Nf3 Nc6 3. Bb5 g6 4. O-O Bg7 5. Bxc6 dxc6 6. d3 Nf6 7. Nc3 O-O 8.
Be3 b6 9. h3 Qc7 10. Qd2 Rd8 11. Bf4 Qb7 12. Bh6 Bh8 13. Rfe1 Qc7 14. Qg5 c4
15. d4 c5 16. d5 a6 17. Rad1 Bb7 18. Qh4 Nh5 19. g4 Nf6 20. Bg5 b5 21. Re3 b4
22. Ne2 Qa5 23. a3 c3 24. axb4 cxb4 25. bxc3 bxc3 26. Nfd4 Qb4 27. f3 Rdc8 28.
Qe1 Qb6 29. Rb1 Qa7 30. Rd3 Nd7 31. Kg2 Rc4 32. Be3 Re8 33. Rxc3 Bxd5 34. exd5
Rxd4 35. Bxd4 Bxd4 36. Nxd4 Qxd4 37. Rd1 Qf4 38. Qe3 Qb4 39. Qd4 Qb7 40. Re1
Nf6 41. Rd3 h5 42. d6 exd6 43. Rxe8+ Nxe8 44. Rb3 Qc6 45. c3 hxg4 46. hxg4 Kf8
47. Rb6 Qc8 48. Rb1 Qe6 49. Qh8+ Ke7 50. Rb7+ Kd8 51. Qd4 Nc7 52. Kf2 Qa2+ 53.
Kg3 Qe6 54. Kh3 Kc8 55. Rb6 Kd7 56. c4 Qe5 57. Qxe5 dxe5 58. Kg3 a5 59. Kf2 a4
60. Rb4 a3 61. Ra4 Kc6 62. Rxa3 Ne6 63. Ra5 Nc5 64. Ra7 f6 65. Rg7 g5 66. Rf7
Nd7 67. Ke3 Kd6 68. Ke4 Ke6 69. Rxd7 1-0

[Event "Thüringenliga 2016/2017"]
[Site "?"]
[Date "2017.01.08"]
[Round "4"]
[White "Mysliwiec, Jörg"]
[Black "Mehlhorn, Uwe"]
[Result "1-0"]
[WhiteElo "2054"]
[BlackElo "2126"]
[PlyCount "109"]
[EventDate "2017.??.??"]
[WhiteTeam "SSV Vimaria 91 Weimar"]
[BlackTeam "Ilmenauer SV"]

1. c4 g6 2. Nc3 Bg7 3. g3 c5 4. Bg2 Nc6 5. Nf3 e5 6. O-O Nge7 7. a3 a5 8. e3
O-O 9. Rb1 d6 10. d3 Rb8 11. h3 h6 12. Kh2 Be6 13. Qc2 b6 14. b3 d5 15. cxd5
Nxd5 16. Ne2 Rc8 17. Bb2 Qe7 18. Ba1 f5 19. Rbe1 Qf7 20. Qb1 g5 21. Nd2 Rcd8
22. Ng1 Nde7 23. Rd1 Rd7 24. Ngf3 Rfd8 25. Nc4 e4 26. dxe4 Bxc4 27. Rxd7 Rxd7
28. bxc4 Bxa1 29. Qxa1 Ng6 30. exf5 Qxf5 31. Qb1 Nce7 32. Qxb6 h5 33. Nxg5 Rd2
34. Ne4 Ra2 35. Rd1 Nf8 36. Qxa5 Rxf2 37. Nxf2 Qxf2 38. Qxc5 Nf5 39. Qe5 h4 40.
g4 Nxe3 41. Qg5+ Kh7 42. Qe7+ Kg8 43. Qg5+ Kh7 44. Rg1 Ng6 45. Kh1 Nxg2 46.
Rxg2 Qf1+ 47. Kh2 Qxc4 48. Rd2 Qc7+ 49. Kh1 Qc6+ 50. Qd5 Qc1+ 51. Rd1 Qe3 52.
Qf7+ Kh6 53. g5+ Qxg5 54. Rg1 Qh5 55. Qxg6+ 1-0

[Event "Thüringenliga 2016/2017"]
[Site "?"]
[Date "2017.01.08"]
[Round "4"]
[White "Möller, Axel"]
[Black "Scheitz, Michael"]
[Result "1/2-1/2"]
[WhiteElo "1988"]
[BlackElo "2015"]
[PlyCount "42"]
[EventDate "2017.??.??"]
[WhiteTeam "Ilmenauer SV"]
[BlackTeam "SSV Vimaria 91 Weimar"]

1. c4 c5 2. Nc3 Nc6 3. e3 e5 4. Nge2 Nf6 5. d4 exd4 6. exd4 d5 7. Be3 cxd4 8.
Nxd4 Bb4 9. Nxc6 bxc6 10. Qa4 Qd6 11. a3 Bxc3+ 12. bxc3 O-O 13. c5 Qe5 14. Qd4
Re8 15. O-O-O Qb8 16. Qa4 Bf5 17. Bd3 Ne4 18. Kc2 Qe5 19. Qd4 Nf6 20. Qxe5
Bxd3+ 21. Kxd3 Rxe5 1/2-1/2

[Event "Thüringenliga 2016/2017"]
[Site "?"]
[Date "2017.01.08"]
[Round "4"]
[White "Albrecht, Jürgen"]
[Black "Töpfer, Albrecht"]
[Result "1/2-1/2"]
[WhiteElo "2015"]
[BlackElo "1989"]
[PlyCount "91"]
[EventDate "2017.??.??"]
[WhiteTeam "SSV Vimaria 91 Weimar"]
[BlackTeam "Ilmenauer SV"]

1. e4 c5 2. Nf3 d6 3. d4 cxd4 4. Nxd4 Nf6 5. Nc3 g6 6. Be3 Bg7 7. f3 O-O 8. Qd2
Nc6 9. O-O-O d5 10. Qe1 e6 11. Qh4 e5 12. Nxc6 bxc6 13. Bg5 h6 14. Bxf6 Bxf6
15. Qe1 d4 16. Bc4 Qe7 17. Na4 Be6 18. Bxe6 Qxe6 19. Kb1 Rab8 20. Qa5 Rb5 21.
Qxa7 Rfb8 22. Rd3 Qc8 23. Rb3 Ra8 24. Nb6 Rxa7 25. Nxc8 Rab7 26. Nd6 Rxb3 27.
axb3 Ra7 28. Nc4 Kf8 29. Rd1 Ke7 30. c3 Rd7 31. Kc2 Ke6 32. b4 Ra7 33. cxd4
exd4 34. Kb3 Rb7 35. Na5 Rb6 36. Rc1 Kd7 37. Re1 c5 38. Kc4 Rxb4+ 39. Kd5 Rxb2
40. Nc4 Rxg2 41. e5 Be7 42. Ra1 d3 43. Ra7+ Ke8 44. Ra8+ Kd7 45. Ra7+ Ke8 46.
Ra8+ 1/2-1/2

[Event "Thüringenliga 2016/2017"]
[Site "?"]
[Date "2017.01.08"]
[Round "4"]
[White "Rempel, Patrick"]
[Black "Riedel, Finn"]
[Result "1/2-1/2"]
[WhiteElo "2008"]
[BlackElo "2029"]
[PlyCount "84"]
[EventDate "2017.??.??"]
[WhiteTeam "Ilmenauer SV"]
[BlackTeam "SSV Vimaria 91 Weimar"]

1. e4 e5 2. Nf3 Nc6 3. Bb5 a6 4. Ba4 Nf6 5. O-O Be7 6. Re1 b5 7. Bb3 d6 8. c3
O-O 9. d3 Na5 10. Bc2 c5 11. Nbd2 Qc7 12. Nf1 Bb7 13. Ng3 g6 14. b4 cxb4 15.
cxb4 Rfc8 16. Re2 Nc6 17. Rb1 d5 18. Bg5 dxe4 19. dxe4 Rd8 20. Qe1 Bc8 21. Bxf6
Bxf6 22. Bb3 Bg4 23. Re3 Nd4 24. Nxd4 exd4 25. Rd3 Rac8 26. Ne2 Qe7 27. Nf4 Rc3
28. h3 Rxd3 29. Nxd3 Be6 30. Nf4 Bc4 31. Rd1 Be5 32. Nd5 Bxd5 33. Bxd5 Rc8 34.
Kh1 Rc3 35. f4 Bxf4 36. Rxd4 Rc1 37. Rd1 Rxd1 38. Qxd1 Qh4 39. Kg1 Be3+ 40. Kh1
Bf4 41. Kg1 Be3+ 42. Kh1 Bf4 1/2-1/2

[Event "Thüringenliga 2016/2017"]
[Site "?"]
[Date "2017.01.08"]
[Round "4"]
[White "Gulich, Christian"]
[Black "Falk, Kristoffer"]
[Result "0-1"]
[WhiteElo "1955"]
[BlackElo "1954"]
[PlyCount "74"]
[EventDate "2017.??.??"]
[WhiteTeam "SSV Vimaria 91 Weimar"]
[BlackTeam "Ilmenauer SV"]

1. e4 c5 2. Nf3 e6 3. d4 cxd4 4. Nxd4 Nc6 5. Nc3 Qc7 6. Be2 a6 7. a4 Bb4 8. O-O
Nf6 9. Bg5 Bxc3 10. Bxf6 Bxb2 11. Nxe6 dxe6 12. Bxb2 O-O 13. Qd3 e5 14. Qc3 Be6
15. Rfd1 Rac8 16. Kf1 f6 17. Bc4 Bxc4+ 18. Qxc4+ Qf7 19. Qxf7+ Rxf7 20. Rd2 Rd8
21. Rad1 Rxd2 22. Rxd2 Rc7 23. c3 Na5 24. Ba3 Nc4 25. Rd8+ Kf7 26. Bd6 Rc6 27.
Bb4 a5 28. Rd7+ Ke8 29. Rxb7 axb4 30. cxb4 Rb6 31. Rxg7 Rxb4 32. a5 Nxa5 33. f3
Rb7 34. Rg8+ Kf7 35. Ra8 Nc6 36. Kf2 Nd4 37. Ra6 Rb2+ 0-1

[Event "Thüringenliga 2016/2017"]
[Site "?"]
[Date "2017.01.08"]
[Round "4"]
[White "Michael, Torsten"]
[Black "Weiß, Thomas"]
[Result "1/2-1/2"]
[WhiteElo "1739"]
[BlackElo "1872"]
[PlyCount "109"]
[EventDate "2017.??.??"]
[WhiteTeam "Ilmenauer SV"]
[BlackTeam "SSV Vimaria 91 Weimar"]

1. e4 e6 2. Nc3 d5 3. d4 Bb4 4. e5 Ne7 5. f4 c5 6. Nf3 Nbc6 7. Bb5 Bd7 8. Bxc6
Bxc6 9. a3 Ba5 10. dxc5 Bxc3+ 11. bxc3 Bb5 12. Be3 Nf5 13. Bd4 h6 14. Qd2 Qe7
15. Kf2 O-O 16. Rab1 Ba6 17. Rhe1 Rfc8 18. g3 Qd7 19. Rb4 Rc6 20. Reb1 Rac8 21.
Ne1 R6c7 22. R1b2 Ne7 23. Qc1 Nc6 24. Qe3 Bc4 25. Rb1 Nxb4 26. cxb4 a5 27. Nf3
Qa4 28. Rb2 axb4 29. axb4 Qa1 30. Ne1 Ra8 31. Qd2 Bb5 32. Rb3 Qa2 33. Nd3 Qa6
34. Nc1 Bc4 35. Rb2 Qb5 36. Nb3 Bxb3 37. cxb3 Rc6 38. Qe2 Qxb4 39. Qd2 Qb5 40.
Ke3 Ra1 41. Qd3 Re1+ 42. Re2 Rxe2+ 43. Kxe2 Qb4 44. f5 Ra6 45. fxe6 Ra2+ 46.
Kf3 fxe6 47. Qg6 Qxd4 48. Qxe6+ Kf8 49. Qd6+ Kf7 50. Qd7+ Kg6 51. Qe6+ Kh7 52.
Qf5+ Kg8 53. Qc8+ Kf7 54. Qd7+ Kf8 55. Qd8+ 1/2-1/2

[Event "Thüringenliga 2016/2017"]
[Site "?"]
[Date "2017.01.08"]
[Round "4"]
[White "Kölsch, Maximilian"]
[Black "Gerhardt, Frank"]
[Result "1/2-1/2"]
[WhiteElo "2168"]
[BlackElo "2068"]
[PlyCount "38"]
[EventDate "2017.??.??"]
[WhiteTeam "SV Schott Jena"]
[BlackTeam "SV 1861 Liebschwitz"]

1. Nf3 Nf6 2. c4 g6 3. Nc3 Bg7 4. e4 d6 5. d4 O-O 6. Be2 e5 7. O-O Nc6 8. dxe5
dxe5 9. Qxd8 Rxd8 10. Bg5 Re8 11. Nb5 Re7 12. h3 h6 13. Bxf6 Bxf6 14. Rfd1 Nd4
15. Kf1 c6 16. Nbxd4 exd4 17. e5 Bxe5 18. Nxe5 Rxe5 19. Rxd4 Kf8 1/2-1/2

[Event "Thüringenliga 2016/2017"]
[Site "?"]
[Date "2017.01.08"]
[Round "4"]
[White "Hermannsdörfer, Frank"]
[Black "Darr, Sascha"]
[Result "1-0"]
[WhiteElo "2119"]
[BlackElo "2065"]
[PlyCount "97"]
[EventDate "2017.??.??"]
[WhiteTeam "SV 1861 Liebschwitz"]
[BlackTeam "SV Schott Jena"]

1. b3 d5 2. Bb2 Nf6 3. e3 Bf5 4. Nf3 e6 5. c4 Nbd7 6. Nc3 c6 7. Be2 h6 8. cxd5
exd5 9. Nd4 Bh7 10. g4 Ne4 11. d3 Nxc3 12. Bxc3 Be7 13. Nf3 Bf6 14. Qd2 O-O 15.
h4 Bxc3 16. Qxc3 Qf6 17. Qxf6 Nxf6 18. Rg1 Rfe8 19. Kd2 Nd7 20. Rac1 Rad8 21.
b4 Kf8 22. Nd4 Rc8 23. g5 hxg5 24. hxg5 Ra8 25. Rh1 Bg8 26. Bg4 Ne5 27. Bh3 Bh7
28. Bf1 Bg8 29. Be2 Rec8 30. f4 Ng6 31. Bg4 Rc7 32. Rc5 a6 33. Rhc1 f6 34. a4
fxg5 35. Bh5 Nh4 36. Rh1 g6 37. fxg5 Rh7 38. Bg4 Ke7 39. Rhc1 Ng2 40. Rf1 Rf8
41. Rxf8 Kxf8 42. b5 axb5 43. axb5 Re7 44. bxc6 bxc6 45. Rxc6 Nxe3 46. Bh3 Kg7
47. Rc1 Kf8 48. Rc8+ Kg7 49. Nc6 1-0

[Event "Thüringenliga 2016/2017"]
[Site "?"]
[Date "2017.01.08"]
[Round "4"]
[White "August, Daniel"]
[Black "Zeidler, Andreas"]
[Result "1-0"]
[WhiteElo "2002"]
[BlackElo "2118"]
[PlyCount "71"]
[EventDate "2017.??.??"]
[WhiteTeam "SV Schott Jena"]
[BlackTeam "SV 1861 Liebschwitz"]

1. c4 Nf6 2. g3 c5 3. Bg2 Nc6 4. Nc3 g6 5. a3 Bg7 6. Rb1 O-O 7. b4 e6 8. bxc5
Qa5 9. Rb5 Qc7 10. Nf3 a6 11. Rb1 Qa5 12. O-O Qxc5 13. d3 d5 14. Na4 Qe7 15.
Nb6 Rb8 16. Qa4 dxc4 17. Qxc4 e5 18. Be3 Be6 19. Qc2 Nd7 20. Nxd7 Qxd7 21. Rfc1
Bd5 22. Qc5 Rfd8 23. Qb6 h6 24. Nd2 Bxg2 25. Kxg2 Qd5+ 26. Kg1 Nd4 27. Bxd4
exd4 28. Rc7 Re8 29. Ne4 Re6 30. Qa7 Ree8 31. Rbxb7 Rxb7 32. Rxb7 a5 33. Rd7
Qe6 34. Qb7 Be5 35. Qd5 Qxd5 36. Rxd5 1-0

[Event "Thüringenliga 2016/2017"]
[Site "?"]
[Date "2017.01.08"]
[Round "4"]
[White "Dreyer, Michael"]
[Black "Biel, Maik"]
[Result "1-0"]
[WhiteElo "2059"]
[BlackElo "1958"]
[PlyCount "35"]
[EventDate "2017.??.??"]
[WhiteTeam "SV Schott Jena"]
[BlackTeam "SV 1861 Liebschwitz"]

1. c4 Nf6 2. Nc3 d5 3. cxd5 Nxd5 4. g3 g6 5. Bg2 Nxc3 6. bxc3 c5 7. Rb1 Qc7 8.
Nf3 Bg7 9. O-O O-O 10. d4 Bf5 11. Rb5 cxd4 12. Nxd4 Bd7 13. Rxb7 Qxc3 14. Rb3
Qxd4 15. Qxd4 Bxd4 16. Bxa8 Be6 17. Rd3 Bb6 18. Bd5 1-0

[Event "Thüringenliga 2016/2017"]
[Site "?"]
[Date "2017.01.08"]
[Round "4"]
[White "Ahmed, Daniel"]
[Black "Jung, Florian"]
[Result "0-1"]
[WhiteElo "1649"]
[BlackElo "1917"]
[PlyCount "80"]
[EventDate "2017.??.??"]
[WhiteTeam "SV 1861 Liebschwitz"]
[BlackTeam "SV Schott Jena"]

1. d4 d5 2. Bf4 Nf6 3. e3 Bf5 4. Nf3 c6 5. c4 e6 6. Nbd2 h6 7. h3 Ne4 8. a3 Nd7
9. Rc1 Be7 10. Nxe4 Bxe4 11. Nd2 Bg6 12. Be2 O-O 13. O-O Bf6 14. cxd5 exd5 15.
b4 a6 16. Bh2 Re8 17. Qb3 Bxd4 18. Bxa6 Rxa6 19. exd4 Qa8 20. Rc3 Re2 21. Bf4
Re6 22. Rfc1 Kh7 23. b5 Rb6 24. a4 Qd8 25. Qa3 Nf6 26. Nb3 Ne4 27. Re3 Qh4 28.
g3 Qxh3 29. Nc5 Rf6 30. Nxe4 Bxe4 31. f3 Bg6 32. Qf8 Rxf4 33. gxf4 Qg3+ 34. Kf1
Qxf4 35. Rcc3 cxb5 36. Rc8 Bf5 37. Qg8+ Kg6 38. Rf8 Bh3+ 39. Ke2 bxa4 40. Re7
Rb2+ 0-1

[Event "Thüringenliga 2016/2017"]
[Site "?"]
[Date "2017.01.08"]
[Round "4"]
[White "Bunke, Wilfried"]
[Black "Weiß, Werner"]
[Result "0-1"]
[WhiteElo "1942"]
[BlackElo "1966"]
[PlyCount "82"]
[EventDate "2017.??.??"]
[WhiteTeam "SV Schott Jena"]
[BlackTeam "SV 1861 Liebschwitz"]

1. d4 d6 2. c4 e5 3. dxe5 dxe5 4. Qxd8+ Kxd8 5. Nc3 c6 6. Bg5+ f6 7. O-O-O+ Kc7
8. Bd2 Be6 9. e3 Nd7 10. Nf3 Nb6 11. b3 Ba3+ 12. Kc2 a5 13. Bc1 Be7 14. a4 Nh6
15. h3 Nf7 16. Bb2 Nd7 17. Be2 Rad8 18. Bc1 g5 19. g3 h5 20. h4 g4 21. Nd2 Nb8
22. Ndb1 Na6 23. Ba3 Nb4+ 24. Bxb4 axb4 25. Na2 Bf5+ 26. Kc1 Bc5 27. Rhe1 Nd6
28. Bd3 Be4 29. Bxe4 Nxe4 30. Rxd8 Rxd8 31. Re2 Nxf2 32. Nd2 Nd3+ 33. Kc2 f5
34. e4 f4 35. gxf4 exf4 36. e5 f3 37. Re4 f2 38. Nf1 Ne1+ 39. Kc1 Be7 40. e6
Bxh4 41. Nxb4 g3 0-1

[Event "Thüringenliga 2016/2017"]
[Site "?"]
[Date "2017.01.08"]
[Round "4"]
[White "Birke, Andreas"]
[Black "Jordan, Gunter"]
[Result "1-0"]
[WhiteElo "2128"]
[BlackElo "1879"]
[PlyCount "78"]
[EventDate "2017.??.??"]
[WhiteTeam "SV 1861 Liebschwitz"]
[BlackTeam "SV Schott Jena"]

1. Nf3 b6 2. e4 Bb7 3. d3 g6 4. c4 Bg7 5. Nc3 d6 6. Be3 Nd7 7. Qd2 e6 8. Be2
Ngf6 9. h3 Qe7 10. Nb5 Ne5 11. Nxe5 dxe5 12. a4 a6 13. Na3 O-O 14. a5 Rfd8 15.
Qc3 Nd7 16. O-O f5 17. f3 f4 18. Bf2 Bf6 19. Nc2 Bh4 20. b4 Bxf2+ 21. Rxf2 Qd6
22. Bf1 c5 23. Kh1 cxb4 24. Qxb4 Qxb4 25. Nxb4 b5 26. cxb5 axb5 27. a6 Nc5 28.
Rfa2 Bc8 29. a7 Rd4 30. Nc6 Ra4 31. d4 exd4 32. Bxb5 Rxa2 33. Rxa2 Bb7 34. Nxd4
Rd8 35. Bc6 Bxc6 36. Nxc6 Ra8 37. Rb2 Na6 38. Rb6 Nc7 39. Rb7 Na6 1-0

[Event "Thüringenliga 2016/2017"]
[Site "?"]
[Date "2017.01.08"]
[Round "4"]
[White "Steinacker, Alex"]
[Black "Wegerich, Michael"]
[Result "1-0"]
[WhiteElo "2220"]
[BlackElo "1969"]
[PlyCount "99"]
[EventDate "2017.??.??"]
[WhiteTeam "Erfurter Schachklub"]
[BlackTeam "SV Ammern"]

1. g3 c5 2. Bg2 e6 3. Nf3 Qc7 4. c4 b6 5. Nc3 a6 6. O-O Bb7 7. b3 Nf6 8. Bb2
Be7 9. Re1 O-O 10. e4 d6 11. Rc1 Nc6 12. d4 cxd4 13. Nd5 Qd8 14. Nxe7+ Qxe7 15.
Nxd4 Rfd8 16. Qe2 Rab8 17. Rcd1 Ne8 18. a4 Nxd4 19. Rxd4 Bc6 20. Ba3 Qc7 21.
Qd2 b5 22. cxb5 axb5 23. Bb4 Rd7 24. a5 Rc8 25. Qe2 Qb7 26. Red1 Rcd8 27. f3 d5
28. e5 Ra8 29. Qc2 Rc7 30. Qc5 h6 31. Bf1 f5 32. Rc1 Kh7 33. Rdd1 Bd7 34. Qd4
Kg8 35. Bd3 Ra6 36. g4 Qc8 37. Bd2 Rxc1 38. Rxc1 Rc6 39. Ra1 Nc7 40. Kh1 Qd8
41. gxf5 exf5 42. a6 Qa8 43. a7 Rg6 44. Ba5 Rc6 45. Bxc7 Rxc7 46. Kg2 Rc8 47.
Qb6 Rc6 48. Qb8+ Rc8 49. Qd6 Rd8 50. Bxb5 1-0